书目信息 |
| 题名: |
电脑音乐梦工厂
|
|
| 作者: | 王锐 编著 | |
| 分册: | ||
| 出版信息: | 北京 清华大学出版社 2002 |
|
| 页数: | 14,470页 | |
| 开本: | 26cm | |
| 丛书名: | ||
| 单 册: | ||
| 中图分类: | J614.8 | |
| 科图分类: | ||
| 主题词: | 作曲理论 , 计算机应用--音乐制作--高等学校--教材 | |
| 电子资源: | ||
| ISBN: | 7-302-05370-7 | |
| 000 | 00928nam0 2200277 450 | |
| 000 | 00930nam0 2200277 45 | |
| 001 | 012002050931 | |
| 005 | 20060118151442.73 | |
| 010 | @a7-302-05370-7@dCNY40.00 | |
| 035 | @a(011001)c2002042039 | |
| 092 | @aCN | |
| 100 | @a20020614d2002 em y0chiy0110 ea | |
| 101 | 0 | @achi |
| 102 | @aCN@b110000 | |
| 105 | @ay z 000yy | |
| 200 | 1 | @a电脑音乐梦工厂@9dian nao yin yue meng gong chang@f王锐编著@Fwang rui bian zhu |
| 210 | @a北京@c清华大学出版社@d2002 | |
| 215 | @a14,470页@d26cm | |
| 300 | @a全国重点音乐院校选用教材 | |
| 330 | @a本书介绍国外流行的DTM(DeskTop Miusic)类音乐制作软件,包括:CoolEdit Pro 1.2、Cakewalk ProAudio 9.0、Acid Pro 2.0、Band-In-Box 10和Cubase VST 5.10等。 | |
| 606 | 0 | @a作曲理论 |
| 606 | 0 | @a计算机应用@x音乐制作@x高等学校@j教材 |
| 690 | @aJ614.8@v4 | |
| 701 | 0 | @a王锐@Awang rui@4编著 |
| 801 | 0 | @aCN@bTSSF@c20060118 |
| 905 | @a10447@dJ614.8@e315 | |
| 电脑音乐梦工厂/王锐编著.-北京:清华大学出版社,2002 |
| 14,470页;26cm |
| 全国重点音乐院校选用教材 |
| ISBN 7-302-05370-7:CNY40.00 |
| 本书介绍国外流行的DTM(DeskTop Miusic)类音乐制作软件,包括:CoolEdit Pro 1.2、Cakewalk ProAudio 9.0、Acid Pro 2.0、Band-In-Box 10和Cubase VST 5.10等。 |
| ● |
| 相关链接 |
|
|
|
|
正题名:电脑音乐梦工厂
索取号:J614.8/315
 
预约/预借
| 序号 | 登录号 | 条形码 | 馆藏地/架位号 | 状态 | 备注 |
| 1 | 0338260 | 203382605 | 第一样本阅览室/ [索取号:J614.8/315] | 在馆 | |
| 2 | 0338261 | 203382614 | 第一借阅区/ [索取号:J614.8/315] | 在馆 | |
| 3 | 0338262 | 203382623 | 第一借阅区/ [索取号:J614.8/315] | 在馆 | |
| 4 | 0338263 | 203382632 | 第一借阅区/ [索取号:J614.8/315] | 在馆 | |
| 5 | 0338264 | 203382641 | 第一借阅区/ [索取号:J614.8/315] | 在馆 |